Online
Catalog

Minguilan o el jungan del sur / (Record no. 29256)

MARC details
000 -CABECERA
campo de control de longitud fija 00641nam a2200181 a 4500
001 - NÚMERO DE CONTROL
campo de control 000029764
005 - FECHA Y HORA DE LA ÚLTIMA TRANSACCIÓN
campo de control 20210629083418.0
008 - DATOS DE LONGITUD FIJA--INFORMACIÓN GENERAL
campo de control de longitud fija 110425s1985 dr a r 000 0 spa d
040 ## - FUENTE DE LA CATALOGACIÓN
Centro catalogador/agencia de origen DO-SdBNP
Lengua de catalogación spa
Centro/agencia transcriptor BNPHU
082 ## - NÚMERO DE LA CLASIFICACIÓN DECIMAL DEWEY
Número de clasificación xxx
Número de documento/Ítem P438m
049 ## - FONDOS LOCALES (OCLC)
Fondos de biblioteca BNPD
100 1# - ENTRADA PRINCIPAL--NOMBRE DE PERSONA
Nombre de persona Pérez, Rafael Leonidas
9 (RLIN) 25969
245 10 - MENCIÓN DE TÍTULO
Título Minguilan o el jungan del sur /
Mención de responsabilidad, etc. Rafael Leonidas Pérez (Hijo).
260 ## - PUBLICACIÓN, DISTRIBUCIÓN, ETC.
Lugar de publicación, distribución, etc. Santo Domingo :
Nombre del editor, distribuidor, etc. Universitaria-UASD- ,
Fecha de publicación, distribución, etc. 1985.
300 ## - DESCRIPCIÓN FÍSICA
Extensión 42 p. :
Otras características físicas il. ;
Dimensiones 23 cm.
490 1# - MENCIÓN DE SERIE
Mención de serie Publiacaciones de la Universidad Autónoma de Santo Domingo
Designación de volumen o secuencia 461
830 ## - PUNTO DE ACCESO ADICIONAL DE SERIE-TÍTULO UNIFORME
Título uniforme Publiacaciones de la Universidad Autónoma de Santo Domingo
Designación de volumen o secuencia 461
9 (RLIN) 56533
Holdings
Estado de retiro Estado de pérdida No para préstamo Código de colección Localización permanente Ubicación/localización actual Ubicación en estantería Fecha de adquisición Número de inventario Total de préstamos Signatura topográfica completa Código de barras Fecha visto por última vez Número de copia Precio válido a partir de Tipo de ítem Koha Restricciones de uso
    Excluido de préstamo Patrimonio Dominicano General General En catalogación 26.04.2011 LF1   xxx P438m 29764-20 25.06.2020 e. 2 25.06.2020 Libro y Folleto Colección Patrimonio Dominicano  
      Dominicana de Servicio General General En catalogación 26.04.2011 LF1   xxx P438m 29764-30 25.06.2020 e. 3 25.06.2020 Libro y Folleto Colección Dominicana de Servicio  
    Excluido de préstamo Patrimonio Dominicano General General En catalogación 25.04.2011 LF1   RD863.5 A577c 29764-10 25.06.2020   25.06.2020 Libro y Folleto Colección Patrimonio Dominicano  

Powered by Koha